| 000 | 00875nam a22002417a 4500 | ||
|---|---|---|---|
| 999 |
_c6789 _d6789 |
||
| 003 | AR-CdUCM | ||
| 008 | 190319b ||||| |||| 00| 0 spa d | ||
| 020 | _a84-205-0493-9 | ||
| 040 |
_aMUNICIPALIDAD PROVINCIAL DEL CUSCO _cBIBLIOTECA MUNICIPAL DEL CUSCO |
||
| 041 | _heng | ||
| 082 |
_a510 / _bP49 |
||
| 100 |
_aPflaumann, E. _919117 |
||
| 245 | _aAnálisis Funcional / | ||
| 260 |
_aEspaña : _bAlhambra ; _c1974. |
||
| 300 |
_a340 páginas ; _bFórmulas _c20cm |
||
| 440 |
_aColección Exedra - Ciencia Técnica Ingeniería _n92 _919118 |
||
| 505 | _aContenido: Estructuras topológicas -- Estructuras uniformes -- Espacios vectoriales -- Espacios vectoriales topológicos -- Espacios funcionales... | ||
| 650 |
_aMatemáticas _99398 |
||
| 700 |
_aUnger, H. _919119 |
||
| 700 |
_aMarsal Aleixandre, G. (traducción) _919120 |
||
| 942 |
_2ddc _cLIBROS |
||
| 945 | _anom | ||